000 00459nam a2200181Ia 4500
008 090123s9999 xx 000 0 und d
082 _b43119
100 _aपारगावकर राजा
245 _aअजगर
250 _a1
260 _c2008
300 _a174
600 _aपारगावकर राजा
630 _aअजगर
700 _aपारगावकर राजा
730 _aअजगर
942 _cBOOK
999 _c81175
_d81175